000 00563nam a2200193Ia 4500
999 _c56472
_d56472
003 GCL
005 20240530105512.0
008 140319s9999 xx 000 0 ara d
040 _aGCL /
_cGCL
082 0 4 _a141.5
_bم ش
100 1 _aمنير سغبينى
245 1 0 _aالشخصانية الشرق اوسطية /
_cمنير سغبينى
260 _a[S.N] :
_bالمؤسسة الحديثة للكتاب ،
_c1982
300 _a212 ص
650 0 4 _aالفلسفة
650 0 4 _aتاريخ الفلسفة
650 0 4 _aالشخصية
942 _2ddc
_cBK